<?xml version="1.0" encoding="UTF-8"?>
<record
    xmlns:xsi="http://www.w3.org/2001/XMLSchema-instance"
    xsi:schemaLocation="http://www.loc.gov/MARC21/slim http://www.loc.gov/standards/marcxml/schema/MARC21slim.xsd"
    xmlns="http://www.loc.gov/MARC21/slim">

  <leader>01449nam a22002057a 4500</leader>
  <controlfield tag="003">OSt</controlfield>
  <controlfield tag="005">20260327115239.0</controlfield>
  <controlfield tag="008">260327b        |||||||| |||| 00| 0 esp d</controlfield>
  <datafield tag="082" ind1=" " ind2=" ">
    <subfield code="2">9875672319</subfield>
  </datafield>
  <datafield tag="100" ind1=" " ind2=" ">
    <subfield code="a"> Miguel &#xC1;ngel N&#xFA;&#xF1;ez</subfield>
  </datafield>
  <datafield tag="245" ind1=" " ind2=" ">
    <subfield code="a">&#xA1;Estr&#xE9;s!: c&#xF3;mo vivir con equilibrio y control.</subfield>
  </datafield>
  <datafield tag="250" ind1=" " ind2=" ">
    <subfield code="a">1ra edici&#xF3;n</subfield>
  </datafield>
  <datafield tag="260" ind1=" " ind2=" ">
    <subfield code="a">Buenos Aires, Argentina</subfield>
    <subfield code="b"> Asociaci&#xF3;n Casa Editora Sudamericana (ACES).</subfield>
    <subfield code="c">2006</subfield>
  </datafield>
  <datafield tag="300" ind1=" " ind2=" ">
    <subfield code="a">28 cm.</subfield>
    <subfield code="b">175 p&#xE1;ginas</subfield>
  </datafield>
  <datafield tag="490" ind1=" " ind2=" ">
    <subfield code="3">cartulina plastificada</subfield>
  </datafield>
  <datafield tag="520" ind1=" " ind2=" ">
    <subfield code="a">Diagn&#xF3;stico Personal: A trav&#xE9;s de tests y cuadros, ayuda al lector a identificar qu&#xE9; situaciones espec&#xED;ficas le generan tensi&#xF3;n y c&#xF3;mo reacciona su cuerpo ante ellas (s&#xED;ntomas f&#xED;sicos y emocionales).
Gesti&#xF3;n de Estilo de Vida: Propone que el control del estr&#xE9;s no depende de factores externos, sino de reorganizar la propia vida. Enfatiza cambios en la alimentaci&#xF3;n, el descanso, el ejercicio y, sobre todo, en la forma de procesar los problemas.
Equilibrio Emocional: El autor, con un enfoque psicol&#xF3;gico y preventivo, ofrece herramientas para fortalecer la resiliencia y la tolerancia, buscando que la persona recupere el mando de sus decisiones diarias.</subfield>
  </datafield>
  <datafield tag="650" ind1=" " ind2=" ">
    <subfield code="a"> Estr&#xE9;s (Psicolog&#xED;a) / Control del estr&#xE9;s</subfield>
    <subfield code="x">Prevenci&#xF3;n / Aspectos psicol&#xF3;gicos / Salud e higiene.</subfield>
    <subfield code="y"> No aplica estrictamente al contenido (es universal), aunque su origen editorial es Argentina.</subfield>
  </datafield>
  <datafield tag="700" ind1=" " ind2=" ">
    <subfield code="a">Miguel &#xC1;ngel N&#xFA;&#xF1;ez.</subfield>
  </datafield>
  <datafield tag="942" ind1=" " ind2=" ">
    <subfield code="2">ddc</subfield>
    <subfield code="c">BK</subfield>
    <subfield code="n">0</subfield>
  </datafield>
  <datafield tag="952" ind1=" " ind2=" ">
    <subfield code="0">0</subfield>
    <subfield code="1">0</subfield>
    <subfield code="2">ddc</subfield>
    <subfield code="4">0</subfield>
    <subfield code="7">0</subfield>
    <subfield code="8">D04</subfield>
    <subfield code="a">ISUS</subfield>
    <subfield code="b">ISUS</subfield>
    <subfield code="c">Biblioteca Cerrada</subfield>
    <subfield code="d">2026-03-27</subfield>
    <subfield code="e">PSICOLOGIA </subfield>
    <subfield code="f">0789</subfield>
    <subfield code="i">0789</subfield>
    <subfield code="l">0</subfield>
    <subfield code="o">Psicolog&#xED;a</subfield>
    <subfield code="p">MEDI0789</subfield>
    <subfield code="r">2026-03-27 11:56:52</subfield>
    <subfield code="t">1</subfield>
    <subfield code="w">2026-03-27</subfield>
    <subfield code="y">BK</subfield>
  </datafield>
  <datafield tag="999" ind1=" " ind2=" ">
    <subfield code="c">2032</subfield>
    <subfield code="d">2032</subfield>
  </datafield>
</record>
